Statistics for Dangerous Sports

Click here to take the quiz!

General Stats

  • This quiz has been taken 25 times
  • The average score is 3 of 15

Answer Stats

Answer% Correct
Skiing
64%
Boxing
59%
BASE jumping/skydiving
27%
Rafting/white water
27%
Gymnastics
23%
Surfing
18%
Bull fighting
14%
Motor bike
14%
Scuba diving
14%
Bull riding
9%
Cheerleading
9%
Hunting
9%
Mountaineering
9%
Horse riding
5%
Racing cars/racing bikes
0%

Score Distribution

Percentile by Number Answered

Percent of People with Each Score

Your Score History

You have not taken this quiz